Dirección y administración estratégicas (Registro nro. 2622)
[ vista simple ]
| 000 -LEADER | |
|---|---|
| fixed length control field | 01319 a2200253 4500 |
| 001 - CONTROL NUMBER | |
| control field | 36169 |
| 005 - DATE AND TIME OF LATEST TRANSACTION | |
| control field | 20260407155638.0 |
| 008 - FIXED-LENGTH DATA ELEMENTS--GENERAL INFORMATION | |
| fixed length control field | 260407a1994 arg spa d |
| 003 - CONTROL NUMBER IDENTIFIER | |
| control field | AR-UNSa-BCEJYS |
| 040 ## - CATALOGING SOURCE | |
| Original cataloging agency | AR-UNSa-BCEJYS |
| Language of cataloging | spa |
| Transcribing agency | AR-UNSa-BCEJYS |
| 080 ## - UNIVERSAL DECIMAL CLASSIFICATION NUMBER | |
| Universal Decimal Classification number | 658.012.2 |
| Common auxiliary subdivision | Planificación. Programas. Planes. Medidas de apoyo a la planificación( Administración estratégica...) |
| 020 ## - INTERNATIONAL STANDARD BOOK NUMBER | |
| International Standard Book Number | 970-10-1693-9 |
| 100 1# - MAIN ENTRY--PERSONAL NAME | |
| Personal name | Thompson, Arthur A. , Jr. |
| 245 10 - TITLE STATEMENT | |
| Title | Dirección y administración estratégicas |
| Name of part/section of a work | conceptos, casos y lecturas |
| 264 #1 - PRODUCTION, PUBLICATION, DISTRIBUTION, MANUFACTURE, AND COPYRIGHT NOTICE | |
| Place of production, publication, distribution, manufacture | México : |
| Name of producer, publisher, distributor, manufacturer | McGraw-Hill |
| Date of production, publication, distribution, manufacture, or copyright notice | 1994 |
| 300 ## - PHYSICAL DESCRIPTION | |
| Extent | xx, 1034 p. |
| Dimensions | 25 cm. |
| 505 ## - FORMATTED CONTENTS NOTE | |
| Formatted contents note | 1. Proceso de dirección estratégica - 2. Las tareas para la formulación de la estrategia - 3. Análisis industrial y competitivo - 4. Análisis de la situación de la compañía - 5. Estrategia y ventaja competitiva - 6. Adaptación de la estrategia a la situación - 7. Estrategias de diversificación corporativa - 8. Técnicas para analizar a compañías diversificadas - 9. Implementación |
| 590 ## - LOCAL NOTE (RLIN) | |
| Local note | niveau_biblio:m niveau_hierar:0 |
| 700 1# - ADDED ENTRY--PERSONAL NAME | |
| Personal name | Strickland, A.J., III |
| 700 1# - ADDED ENTRY--PERSONAL NAME | |
| Personal name | Ibarra Colado, Patricia |
| 700 1# - ADDED ENTRY--PERSONAL NAME | |
| Personal name | Sánchez Carrión, Miguel Angel |
| 856 41 - ELECTRONIC LOCATION AND ACCESS | |
| Uniform Resource Identifier | <a href="https://biblioeco.unsa.edu.ar/pmb/images/libros/L69900.jpg">https://biblioeco.unsa.edu.ar/pmb/images/libros/L69900.jpg</a> |
| Link text | Imagen de portada |
| Electronic format type | image/jpeg |
| 942 ## - ADDED ENTRY ELEMENTS (KOHA) | |
| Koha item type | |
| Withdrawn status | Lost status | Damaged status | Not for loan | Home library | Current library | Shelving location | Date acquired | Total checkouts | Full call number | Barcode | Date last seen | Price effective from | Koha item type |
|---|---|---|---|---|---|---|---|---|---|---|---|---|---|
| Biblioteca Prof. Eusebio Cleto del Rey | Biblioteca Prof. Eusebio Cleto del Rey | 07/04/2026 | 658.012.2 T467 | L69900 | 07/04/2026 | 07/04/2026 | Libro |